000 00683nam a22002177a 4500
999 _c216328
_d216328
005 20260224103837.0
008 260224b ||||| |||| 00| 0 eng d
020 _a9787107343636
040 _aLC
_cUNZA
_dRDA
050 _aPL 2727.H6 CAO
_b2020
100 _aCao, Xueqin
_d1717-1763
245 _aDream of the Red Chamber/
_cCao Xueqin; Compiler/Editors Cheng Weiyuan
260 _aBeijing:
_bPeoples Education Press,
_c2020
336 _aText
337 _aUnmediated
338 _aVolume
440 _aHappy Reading Bar: Masterpiece reading curriculum series
_vGrade 5
650 _aChina
_vHistory
_xQing dynasty
650 _a1644-1912
_vFiction, families
942 _cBOOK